| 000 | 00935cam a22001814a 4500 | ||
|---|---|---|---|
| 005 | 20250605164345.0 | ||
| 008 | 250528s ||||||||||||||||||||||||d | ||
| 035 | _a23808 | ||
| 040 |
_aGR-AtMCL _bgre _dGR-AtMCL _eAACR2 |
||
| 245 | 1 | _aUnveiling Physician Surgeons' Professional Experiences Dealing with Surgical Performance and ''Life-and Death'' Situations Identifying Health Risk Factors for Surgeons' Well-Being/An Interpretative Phenomenological Analysis | |
| 260 | _c2017 | ||
| 300 | _a49 | ||
| 520 | _aAbstract, Introduction, Method, Epistemology of IPA, Steps of Analysis, Why IPA, Data Collection, Participants, Procedure, Analysis, Discussion, References, Appendices, Invitation Participation Letter, Consent Form, Debriefing, The Interview Schedule, Theme C, Reflexivity, Table of Themes, PDP - Professional Development Plan. | ||
| 700 | 1 |
_aTheochari Maria _99337 |
|
| 942 | _cDS | ||
| 999 |
_c8742 _d8742 |
||